000 00645nam a2200265Ia 4500
005 20260121161445.0
008 008 260114s9999 xx 000 0 eng d
020 _a9781003573890
037 _aEBOOK
040 _aCRL
040 _beng
040 _cCRL
041 _2eng
041 _aeng
084 _qCRL
100 _aMetal Ions in Biological Systems
_91045122
245 0 _aHelmut Sigel; Astrid Sigel
260 _bTaylor and Francis
260 _c1993
650 _aChemistry
_91045123
856 _uhttp://www.taylorfrancis.com/books/9781003573890
942 _cEBOOK
999 _c1610969
_d1610969